000 00499nam a22001571a 4500
020 _a9788170813675
082 _aS 294.5921
_bRAM/V
100 _aRameshwara Dayal Gupta
_9160694
245 _aVaidic vangmay mem vigyan:
_bsciences in vedic literature/
_cby Rameshwara Dayal Gupta.
260 _aUjjayini:
_bMaharshi Sandeepani veda vidya Prathishttan,
_c1997.
300 _a339p.
500 _aGupta Rameswar Dayal
650 _aVedic Literature
_9160695
650 _aReligion
_9160696
942 _cBK
999 _c48715
_d48715